Central Library OPAC University of Rajshahi

ডায়েরীর পাতা : (Record no. 74574)

MARC details
000 -LEADER
fixed length control field 01084nam a2200277 a 4500
001 - CONTROL NUMBER
control field 74574
003 - CONTROL NUMBER IDENTIFIER
rucl marc code BD-RjUL
005 - DATE AND TIME OF LATEST TRANSACTION
control field 20211209082554.0
008 - FIXED-LENGTH DATA ELEMENTS--GENERAL INFORMATION
fixed length control field 181029s2011 bg ||||| |||| 00| 0 ben d
020 ## - INTERNATIONAL STANDARD BOOK NUMBER
International Standard Book Number 9847009601484
Terms of availability : 500.00
035 ## - SYSTEM CONTROL NUMBER
System control number (BD-RjUL)74792
040 ## - CATALOGING SOURCE
Original cataloging agency BD-RjUL
Language of cataloging ben/eng
Transcribing agency BD-RjUL
Modifying agency BD-RjUL
041 ## - LANGUAGE CODE
Language code of text/sound track or separate title ben
082 ## - DEWEY DECIMAL CLASSIFICATION NUMBER
Edition number 23
Classification number 370.92
Author mark and year ALD 2011
100 1# - MAIN ENTRY--PERSONAL NAME
Personal name আলী, ওয়াজেদ
9 (RLIN) 224361
245 10 - TITLE STATEMENT
Title ডায়েরীর পাতা :
Remainder of title (একটি আত্মজৈবনিক গ্রন্থ ) /
Statement of responsibility, etc. ওয়াজেদ আলী
260 ## - PUBLICATION, DISTRIBUTION, ETC. (IMPRINT)
Place of publication, distribution, etc. ঢাকা :
Name of publisher, distributor, etc. তাম্রলিপি,
Date of publication, distribution, etc. ২০১১
300 ## - PHYSICAL DESCRIPTION
Pagination ৪০৭ পৃ. ;
Size ২৪ সেমি.
490 ## - SERIES STATEMENT
Series statement তাম্রলিপি ;
Volume/sequential designation ১৪৮
600 ## - SUBJECT ADDED ENTRY--PERSONAL NAME
Personal name আলী, ওয়াজেদ
General subdivision জীবনী
Personal name Ali, Wazed
General subdivision Biography
650 ## - SUBJECT ADDED ENTRY--TOPICAL TERM
Topical term or geographic name as entry element শিক্ষাবিদ
General subdivision জীবনী
9 (RLIN) 224363
Topical term or geographic name as entry element Educator
General subdivision Biography
9 (RLIN) 224364
830 ## - SERIES ADDED ENTRY--UNIFORM TITLE
Uniform title তাম্রলিপি ;
Volume number/sequential designation ১৪৮
942 ## - ADDED ENTRY ELEMENTS (KOHA)
Source of classification or shelving scheme Dewey Decimal Classification
Koha item type Books
Holdings
Lost status Source of classification or shelving scheme Damaged status Not for loan Collection code Permanent Location Current Location Shelving location Date acquired Source of acquisition Cost, normal purchase price Total Checkouts Full call number Date last seen Copy number Koha item type
  Dewey Decimal Classification   Not For Loan Non-fiction Central Library, University of Rajshahi Central Library, University of Rajshahi Reading Room 30/03/2011 Author 500.00   B 370.92 ALD 2011 29/10/2018 C-1 Books
  Dewey Decimal Classification     Non-fiction Central Library, University of Rajshahi Central Library, University of Rajshahi   30/03/2011 The Author 500.00   B 370.92 ALD 2011 05/12/2019 C-2 Books
  Dewey Decimal Classification     Non-fiction Central Library, University of Rajshahi Central Library, University of Rajshahi   30/03/2011 The Author 500.00   B 370.92 ALD 2011 05/12/2019 C-3 Books
  Dewey Decimal Classification     Non-fiction Central Library, University of Rajshahi Central Library, University of Rajshahi   30/03/2011 The Author 500.00   B 370.92 ALD 2011 05/12/2019 C-4 Books
  Dewey Decimal Classification     Non-fiction Central Library, University of Rajshahi Central Library, University of Rajshahi   30/03/2011 The Author 500.00   B 370.92 ALD 2011 05/12/2019 C-5 Books